Fast feedback for education of migrants
Aktuálne problémy migrácie za vzdelaním v reálnom i virtuálnom prostredí, MOOC platformy. Pozitívne a negatívne skúsenosti s virtuálnymi platformami v mnohých krajinách. Kultúrne a kognitívne charakteristiky študentov z generácie Z, ktorá vyžaduje úplne odlišné nástroje v rámci vzdelávacieho procesu...
Saved in:
| Main Author: | |
|---|---|
| Format: | Book Chapter |
| Language: | English |
| Subjects: | |
| Tags: |
No Tags, Be the first to tag this record!
|
MARC
| LEADER | 00000nla a2200000 4500 | ||
|---|---|---|---|
| 001 | 0230123 | ||
| 005 | 20240502083619.2 | ||
| 041 | 0 | |a eng | |
| 044 | |a CZ | ||
| 245 | 1 | 0 | |a Fast feedback for education of migrants |c Jaroslav Kultan |
| 520 | |a Aktuálne problémy migrácie za vzdelaním v reálnom i virtuálnom prostredí, MOOC platformy. Pozitívne a negatívne skúsenosti s virtuálnymi platformami v mnohých krajinách. Kultúrne a kognitívne charakteristiky študentov z generácie Z, ktorá vyžaduje úplne odlišné nástroje v rámci vzdelávacieho procesu. Návrh metódy na tvorbu, riadenie a vyhodnocovania spätnej väzby v procese virtuálnej migrácie za vzdelaním s využitím najnovších IT technológií, ktoré umožňujú ultrarýchlu spätnú väzbu a zaradenie nových technológií do procesu učenia. Testovanie sa uskutočnilo na Ekonomickej univerzite v Bratislave. | ||
| 610 | 2 | 0 | |a vzdelávanie |
| 610 | 2 | 0 | |a vzdelávanie vysokoškolské |
| 610 | 2 | 0 | |a migrácia |
| 610 | 2 | 0 | |a technológie nové |
| 610 | 2 | 0 | |a technológie komunikačné |
| 610 | 2 | 0 | |a technológie informačné |
| 610 | 2 | 0 | |a generácie |
| 610 | 2 | 0 | |a väzba spätná |
| 610 | 2 | 0 | |a modelovanie |
| 610 | 2 | 0 | |a simulácia |
| 610 | 2 | 0 | |a Slovensko |
| 610 | 2 | 0 | |a Ekonomická univerzita v Bratislave |
| 100 | 1 | |a Kultan, Jaroslav, 1960- | |